Statistics for Top 10 Arizona Diamondbacks of All-Time

Click here to take the quiz!

General Stats

  • This quiz has been taken 2,014 times
    (1,542 since last reset)
  • The average score is 5 of 10

Answer Stats

WARYearsPositionAnswer% Correct
54.81998-2004, 2007-2008PRandy Johnson
99%
36.12011-20181BPaul Goldschmidt
93%
24.92000-2003PCurt Schilling
77%
33.81999-2006OFLuis Gonzalez
77%
29.62003-2009PBrandon Webb
45%
16.22007-2012OFJustin Upton
40%
23.32006-2014CMiguel Montero
31%
16.42012-2018OFA.J. Pollock
29%
15.52012-2018PPatrick Corbin
29%
18.21999-2004OFSteve Finley
29%

Score Distribution

Percentile by Number Answered

Percent of People with Each Score

Your Score History

You have not taken this quiz since the last reset